Estadísticas para Prueba de Europa

Haz click aquí para intentar la prueba.

Estadísticas generales

  • Esta prueba ha sido intentada 116 veces
  • La puntuación promedio es 19 de 26

Estadísticas de respuestas

PreguntaRespuesta% Correcto
La ciudad del amorParís
98%
Nombra uno de los seis Estados más pequeñosCiudad del Vaticano | San Marino | Mónaco | Andorra | Liechtenstein | Malta
96%
Moneda empleada por la mayoría de paísesEuro
96%
País donde se encuentra la respuesta anteriorRusia
96%
Nombra un país con territorio en ÁfricaEspaña
95%
El deporte más practicadoFútbol
94%
La segunda ciudad más pobladaMoscú
94%
País al que pertenece GroenlandiaDinamarca
90%
Ciudad más visitadaLondres
89%
Religión predominanteCristianismo
84%
Ciudad sede de la Unión EuropeaBruselas
80%
Nombra un país bálticoEstonia | Letonia | Lituania
79%
El río que más países atraviesaDanubio
78%
Número de países45
76%
La cordillera más elevadaAlpes
72%
La frontera más grandeNoruega
68%
Las islas más pobladasIrlanda
66%
El país más jovenKosovo
66%
El conflicto bélico más sangrientoSegunda Guerra Mundial
66%
La frontera más grandeSuecia
66%
Las islas más pobladasSicilia
61%
Ciudad más pobladaEstambul
55%
El río más largoVolga
52%
Las islas más pobladasGran Bretaña
40%
El compositor del himnoLudwig van Beethoven
38%
La montaña más altaMonte Elbrús
34%

Distribución de puntuación

Porcentaje por número respondido

Porcentaje de gente con cada puntuación

Historial de tus puntuaciones

No has intentado esta prueba.